| 000 | 00864nam a22001937a 4500 | ||
|---|---|---|---|
| 999 |
_c58028 _d58028 |
||
| 003 | Ge_BSU | ||
| 005 | 20210518122235.0 | ||
| 008 | 210518s1999 ge ||||| |||| 00| 0 geo d | ||
| 041 | _ageo | ||
| 080 | _a621.395(02) ქ - 44 | ||
| 100 |
_aქვრივიშვილი, რ. _91124 |
||
| 245 |
_aციფრული კომუტაცია / _cრ. ქვრივიშვილი. |
||
| 264 |
_aთბილისი, _c1999. |
||
| 300 |
_a229 გვ. _b20 სმ. |
||
| 653 | _aტელეკომუნიკაცია | ||
| 653 | _aკავშირგაბმულობა | ||
| 710 |
_aსაქართველოს ტექნიკური უნივერსიტეტი _911814 _bავტომატური ელექტროკავშირგაბმულობის კათედრა |
||
| 942 |
_2udc _cBK |
||